The art and craft of drawing ; a study both of the practice of drawing and of its aesthetic theory as understood among different peoples and at different epochs; especial reference being made to the construction of the human form from the practical draughtsman's point of view /

Bibliographic Details
Main Author: Blake, Vernon, 1875-1930
Format: Book
Language:English
Published: New York : Hacker Art Books, 1971.
Subjects:

MARC

Tag First Indicator Second Indicator Subfields
LEADER 00000cam a2200000 4500
001 in00000200068
005 20151009052634.0
008 710503r19711927nyua 00110 eng
010 |a  75116351  
020 |a 0878170391 
035 |a (OCoLC)00135642 
035 |9 AAW1448AM 
040 |a DLC  |c DLC  |d TXA  |d UtOrBLW 
049 |a TXAM  |c [920855] 
050 0 0 |a NC710  |b .B55 1971 
082 0 |a 741 
100 1 |a Blake, Vernon,  |d 1875-1930. 
245 1 4 |a The art and craft of drawing ;  |b a study both of the practice of drawing and of its aesthetic theory as understood among different peoples and at different epochs; especial reference being made to the construction of the human form from the practical draughtsman's point of view /  |c by Vernon Blake. 
264 1 |a New York :  |b Hacker Art Books,  |c 1971. 
300 |a xvi, 414 pages :  |b illustrations ;  |c 27 cm. 
336 |a text  |b txt  |2 rdacontent 
337 |a unmediated  |b n  |2 rdamedia 
338 |a volume  |b nc  |2 rdacarrier 
500 |a Reprint of the 1927 edition. 
650 0 |a Drawing. 
999 |a MARS 
999 f f |s 8f1b434f-64eb-3040-989e-e54fc994ae75  |i 191c6889-7133-3947-a9e3-9375e384125e  |t 0 
952 f f |p ric  |a Texas A&M University  |b Rellis Campus  |c Joint Library Facility  |d Remote Storage  |t 0  |e NC710 .B55 1971  |h Library of Congress classification  |i unmediated -- volume  |m A14803462101 
998 f f |a NC710 .B55 1971  |t 0  |l Remote Storage